Obálka Náhled e-knihy:
PDF Epub
Pro půjčování e-knih musíte být přihlášeni.
Jak si půjčit online?

Poslední stín /

Pan Wright zocelený pretoriánskými lekcemi se vrací domů, prozkoumat trosky lidských snů. Potkává staré známé a poslouchá jejich vyprávění.Pretoriáni ho naučili čelit garénům. Ustojí střetnutí s živoucí legendou? Admirálem Williamem Clarkem? Wrighta čeká nelehký úkol. Předstoupí před Clarka, aby zís...

Celý popis

Uloženo v:
Série:Poslední stín, část 4
Hlavní autor: Pavelek, Jiří (Autor)
Médium: E-kniha
Jazyk:Czech
Vydáno: Praha : E-knihy jedou, 2024
Příbuzné jednotky:Z cyklu:: Poslední stín
Tagy:
Žádné tagy
LEADER 01682nam a22002417i 4500
001 312575
007 ta
008 260601s2024 xr ||||| |||| 00| 0 cze d
020 |a 9990004157927 
044 |a xr 
100 1 |a  Pavelek, Jiří  |4 aut 
245 1 0 |a Poslední stín /  |c  Pavelek, Jiří 
264 1 |a Praha :  |b E-knihy jedou,  |c 2024 
300 |a 1 online zdroj (568 stran) 
336 |a text  |b txt  |2 rdacontent 
337 |a bez média  |b n  |2 rdamedia 
338 |a online zdroj  |b cr  |2 rdacarrier 
520 2 |a Pan Wright zocelený pretoriánskými lekcemi se vrací domů, prozkoumat trosky lidských snů. Potkává staré známé a poslouchá jejich vyprávění.Pretoriáni ho naučili čelit garénům. Ustojí střetnutí s živoucí legendou? Admirálem Williamem Clarkem? Wrighta čeká nelehký úkol. Předstoupí před Clarka, aby získal svolení prozkoumat mýtickou planetu Terra Prime. Tentokrát ho nezachrání precizní ovládání meče. Umí vyjednávat? Dokáže diplomatickou cestou nasměrovat lidstvo správným směrem? A je vůbec správný jeho směr? Moudří pravili, že všechny cesty vedou do propasti. Terra Prime je synonymem nejtemnějších hrůz. 
787 0 8 |g 4  |i Z cyklu:  |t Poslední stín 
910 |a RBIT002 
998 |d 415792  |a https://core.palmknihy.cz/api/books/415792/cover?sn7to3  |b https://core.palmknihy.cz/api/books/415792/cover/400?sn7to3  |c https://core.palmknihy.cz/api/books/415792/cover/50?sn7to3  |e   |g 568  |i 9990004157927  |j https://core.palmknihy.cz/api/books/415792/preview.epub  |k https://core.palmknihy.cz/api/books/415792/preview.pdf  |l   |q 49  |r 1  |s https://www.palmknihy.cz/kniha/415792  |t ebook  |y 2024  |z 1  |v Poslední stín  |w 4 
999 |d 312573